| 000 | 01363cam a22002895a 4500 | ||
|---|---|---|---|
| 001 | L158890 | ||
| 008 | 100114s2015 xxko f 000 0 eng d | ||
| 020 | _a9781848064232 | ||
| 035 | _a(Sirsi) u158890 | ||
| 041 | 0 | _aeng | |
| 050 | 0 | 4 | _a690 $2 18 |
| 100 | 1 | _aBlackmore, Paul | |
| 245 | 0 | 0 |
_aDetermining wind actions using Eurocode 1 _bPart 1 _bGuidance on the use of BS EN 1991-1-4 |
| 260 |
_aWatford _bBRE _c2015 |
||
| 300 |
_a8p. _bill. _c30cm. |
||
| 490 | 0 |
_aBRE Digest _v(DG 436-1) |
|
| 520 | _aHelps the reader to understand the new approach to wind loading used in the Eurocode. Eurocode 1 for wind actions, BS EN 1991-1-4, replaces BS 6399-2, which was withdrawn in 2010. The scope of BS EN 1991-1-4 is much wider than BS 6399-2: where BS 6399-2 was limited to building structures and mildly dynamic response, BS EN 1991-1-4 includes buildings and civil engineering works and a more comprehensive approach to dynamic response, including vortex shedding and other aerodynamic instabilities. There are a number of significant differences between these standards, particularly with respect to dynamic response. | ||
| 521 | _aAdvanced | ||
| 590 | _aKA | ||
| 650 | 2 | 4 | _aEUROCODE 1 |
| 650 | 2 | 4 | _aWIND LOADING |
| 650 | 2 | 4 | _aWIND CONTROL |
| 651 | 4 |
_aUnited Kingdom _y |
|
| 690 |
_aEnvironment _96238 |
||
| 690 |
_aEnergy _96237 |
||
| 942 |
_n0 _2ddc |
||
| 999 |
_c115569 _d115569 |
||